|
|
|
|
| LEADER |
00000cas a2200000 a 4500 |
| 001 |
vtls008297502 |
| 003 |
SK-MaSNL |
| 005 |
20260228155814.0 |
| 008 |
050913d20052009xo qr|p 0 b0slo |
| 040 |
|
|
|a SNK
|b slo
|c SNK
|d SVKBB
|
| 041 |
0 |
|
|a slo
|
| 044 |
|
|
|a xo
|c SK
|
| 072 |
|
7 |
|a 364.3
|x Sociálne poistenie. Zdravotné poistenie. Dôchodky
|2 konspekt
|
| 072 |
|
7 |
|a 614
|x Verejné zdravie a hygiena
|2 konspekt
|
| 080 |
|
|
|a 364.32
|2 2011
|
| 080 |
|
|
|a 614.2
|2 2011
|
| 080 |
|
|
|a 050
|2 2011
|
| 080 |
|
|
|a (051)-048.55
|2 2011
|
| 245 |
0 |
0 |
|a Apollo svet
|
| 246 |
1 |
3 |
|a Apollosvet
|
| 260 |
|
|
|a Bratislava
|b CHZP Apollo
|c 2005-2009
|
| 260 |
3 |
|
|3 3/2005-2/2009
|a Bratislava
|b Apollo zdravotná poisťovňa
|
| 300 |
|
|
|a 5 zv.
|c 30 cm
|
| 310 |
|
|
|a 4x ročne
|
| 362 |
0 |
|
|a Č. 1 (2005)-č. 2 (2009)
|
| 500 |
|
|
|a Evidenčné č.: EU 642/08
|
| 500 |
|
|
|a Šéfredaktorka: 2005-2009, Tatiana Kubišová
|
| 500 |
|
|
|a Registračné č.: 1480/96
|
| 650 |
0 |
7 |
|a zdravotné poistenie
|2 SNKPH
|9 28257
|
| 650 |
0 |
7 |
|a zdravotníctvo
|2 SNKPH
|9 1269
|
| 655 |
|
7 |
|a špecializované časopisy
|2 SNKPH
|9 70509
|
| 700 |
1 |
|
|a Kubišová, Tatiana
|4 pbd
|9 265360
|
| 780 |
0 |
0 |
|t Infolet Apollo
|w vtls008881103
|
| 910 |
|
|
|a snk
|
| 999 |
|
|
|c 646
|d 646
|
| 952 |
|
|
|0 0
|1 0
|3 Spoločne zviazané r. 2005-2009
|4 0
|7 0
|8 0
|a SNK
|b SNK
|d 2019-05-20
|i snk2019/13809
|l 0
|o snkČSB 7096/2005
|p 17A1367598
|r 2026-02-21 22:07:13
|t č. 1-3
|w 2026-02-21
|y PREZ
|z Spoločne zviazané r. 2005-2009
|
| 952 |
|
|
|0 0
|1 0
|3 Spoločne zviazané r. 2005-2009
|4 0
|7 0
|8 0
|a SNK
|b SNK
|d 2019-05-20
|i snk2019/13809
|l 0
|o snkČSB 7096/2006
|p 17A1367599
|r 2026-02-21 22:07:13
|t len č. 1
|w 2026-02-21
|y PREZ
|z Spoločne zviazané r. 2005-2009
|
| 952 |
|
|
|0 0
|1 0
|3 Spoločne zviazané r. 2005-2009
|4 0
|7 0
|8 0
|a SNK
|b SNK
|d 2019-05-20
|i snk2019/13809
|l 0
|o snkČSB 7096/2007
|p 17A1367600
|r 2026-02-21 22:07:13
|t č. 1-4
|w 2026-02-21
|y PREZ
|z Spoločne zviazané r. 2005-2009
|
| 952 |
|
|
|0 0
|1 0
|3 Spoločne zviazané r. 2005-2009
|4 0
|7 0
|8 0
|a SNK
|b SNK
|d 2019-05-20
|i snk2019/13809
|l 0
|o snkČSB 7096/2008
|p 17A1367601
|r 2026-02-21 22:07:13
|t č. 1-4
|w 2026-02-21
|y PREZ
|z Spoločne zviazané r. 2005-2009
|
| 952 |
|
|
|0 0
|1 0
|3 Spoločne zviazané r. 2005-2009
|4 0
|7 0
|8 0
|a SNK
|b SNK
|d 2019-05-20
|i snk2019/13809
|l 0
|o snkČSB 7096/2009
|p 17A1367602
|r 2026-02-21 22:07:13
|t č. 1-2
|w 2026-02-21
|y PREZ
|z Spoločne zviazané r. 2005-2009
|